The way to the sun.

Saved in:
Bibliographic Details
Main Author: Beylen, Robert
Format: Book
Language:English
Published: London, W. H. Allen, 1971.
LEADER 00908nam a2200265 4500
001 c000099174
003 CARM
005 00000000000000.0
008 720328s1971 enk 00001 eng
015 |a B*** 
019 1 |a 611556  |5 LACONCORD2021 
020 |a 0491004370 
035 |a (OCoLC)281637  |5 LACONCORD2021 
041 1 |a engfre 
050 0 0 |a PZ4.B5735  |b Way  |a PQ2662.E88 
100 1 |a Beylen, Robert. 
240 1 0 |a Route au soleil.  |l English 
245 1 4 |a The way to the sun.  |c Translated by Len Ortzen from the French. 
260 |a London,  |b W. H. Allen,  |c 1971. 
300 |a 255 p.  |c 23 cm. 
500 |a Translation of La route au soleil. 
852 8 |b CARM  |h A2:AD37A0  |i B02973  |p 0139216  |f BK 
082 0 4 |a 843/.9/14 
999 f f |i 1fb5509c-9869-51b3-a288-25eb49ae6602  |s 3a6d60c4-cfa5-5c4c-8c11-d1485461d8e0 
952 f f |p Can circulate  |a CAVAL  |b CAVAL  |c CAVAL  |d CARM 1 Store  |e B02973  |f A2:AD37A0  |h Other scheme  |i book  |m 0139216